000 00640nam a22002177a 4500
003 UA-OsUOA
001 55784
007 ta
008 20080922b un ||||| |||| 00| 0 ukr d
100 _aУлановський О.
090 _a330
_bУ47
942 _cSA
040 _aUA-OsUOA
_bukr
_cUA-OsUOA
_dUA-OsUOA
245 _aБанківські ризики: інструмент заробітку чи причина втрат?
300 _aС.12-15
955 _a0
041 _aukr
080 _a330
773 0 _w55782
_tКонсалтинг в Україні
_dК.
_d2008
_g7
650 7 _a330 Економіка взагалі
_2UDC
999 _c341871
_d341871